000 00317nam a22001337a 4500
008 181015b xxu||||| |||| 00| 0 eng d
020 _a9780470376249
041 _aeng
080 _a616.8
100 _a7
101 _aTRU
245 _aThe Scientific American Brave New Brain
_cHorstman.j
942 _2udc
_cBK
999 _c49661
_d49661